UM Logo

Determinants of health care demand in Digos City, Davao del Sur/ (Record no. 2408)

MARC details
000 -LEADER
fixed length control field 00577nam a22001457a 4500
008 - FIXED-LENGTH DATA ELEMENTS--GENERAL INFORMATION
fixed length control field 160511b xxu||||| |||| 00| 0 eng d
082 ## - DEWEY DECIMAL CLASSIFICATION NUMBER
Edition number 2014
Classification number UT 0552
Item number F77
100 ## - MAIN ENTRY--PERSONAL NAME
9 (RLIN) 7920
Personal name Fortuna, Sheila Mae C.
245 ## - TITLE STATEMENT
Title Determinants of health care demand in Digos City, Davao del Sur/
Statement of responsibility, etc. Sheila Mae C. Fortuna, Renz P. Delos Santos and Hearty R. Banaay.
260 ## - PUBLICATION, DISTRIBUTION, ETC. (IMPRINT)
Place of publication, distribution, etc. Digos City:
Name of publisher, distributor, etc. UMDC
Date of publication, distribution, etc. November 2014.
300 ## - PHYSICAL DESCRIPTION
Extent 66 pages;
Dimensions 30 cm.
650 #0 - SUBJECT ADDED ENTRY--TOPICAL TERM
9 (RLIN) 7919
Topical term or geographic name as entry element Business Administration
Form subdivision Marketing Management
General subdivision Undergraduate thesis.
700 ## - ADDED ENTRY--PERSONAL NAME
9 (RLIN) 7917
Personal name Delos Santos, Renz P.
942 ## - ADDED ENTRY ELEMENTS (KOHA)
Source of classification or shelving scheme Dewey Decimal Classification
Koha item type Undergraduate Thesis
Holdings
Withdrawn status Lost status Source of classification or shelving scheme Damaged status Not for loan Collection code Home library Current library Date acquired Total Checkouts Full call number Barcode Date last seen Price effective from Koha item type
    Dewey Decimal Classification     Undergraduate Theses UM Digos College - LIC UM Digos College - LIC 05/11/2016   UT 0552 F77 2014 UT0552 05/11/2016 05/11/2016 Undergraduate Thesis